000
00253 a2200097 4500
001
33545
100
_a
Tittle ED
245
_a
Theory and Problems of Computer Networking
260
_a
NY
_b
McGraw-Hill (Schaum's Outline Series)
_c
090
_c
22316
_d
22316
942
_a
NUST-CAE
_c
M
_c
13688
999
_c
268618
_d
268618